00327nam a2200121Ia 4500008004100000041000800041082001200049100001700061245003500078260004800113300003100161365001300192240624s9999 xx 000 0 und d aeng a658 PAL aPALEY NORTON aBIG IDEAS FOR SMALL BUSINESSES c2011aNew DelhibViva Books Private Limited axiv, : 263 : p. : cm. ; 21 cRSb33.5